The American Dream (Record no. 333301)
[ view plain ]
| 000 -LEADER | |
|---|---|
| fixed length control field | 00537nam a2200097Ia 4500 |
| 008 - FIXED-LENGTH DATA ELEMENTS--GENERAL INFORMATION | |
| fixed length control field | 170517s9999 xx 000 0 und d |
| 245 #4 - TITLE STATEMENT | |
| Title | The American Dream |
| 300 ## - PHYSICAL DESCRIPTION | |
| Extent | The American Dream is a 30 minute animated film that shows you how you've been scammed by the most basic elements of the government system. From the author: All of us Americans strive for the American Dream, and this film shows you why your dream is getting farther and... |
| 650 ## - SUBJECT ADDED ENTRY--TOPICAL TERM | |
| General subdivision | Business and Economics. |
| 856 ## - ELECTRONIC LOCATION AND ACCESS | |
| Uniform Resource Identifier | <a href="http://topdocumentaryfilms.com/american-dream/">http://topdocumentaryfilms.com/american-dream/</a> |
| Withdrawn status | Lost status | Damaged status | Home library | Current library | Date acquired | Total Checkouts | Date last seen | Price effective from | Koha item type |
|---|---|---|---|---|---|---|---|---|---|
| College Library | College Library | 05/17/2017 | 05/17/2017 | 05/17/2017 | Documentary Films |